Distinctness, uniformity and stability and GT biplot tests for the selection of snap bean lines (Registro n. 337936)
[ somente texto ]
| 000 -LÍDER | |
|---|---|
| fixed length control field | 04135nab a2200361 i 4500 |
| 003 - CÓDIGO MARC DA AGÊNCIA CATALOGADORA | |
| Campo de controle | BR-BrBNA |
| 005 - DATA E HORA DA ÚLTIMA ATUALIZAÇÃO | |
| Campo de controle | 20250901181300.0 |
| 008 - CAMPO DE TAMANHO FIXO | |
| fixed length control field | 250901b2020 bl.qr|pooa||| 00| 0 eng | |
| 040 ## - FONTE DA CATALOGAÇÃO | |
| Agência catalogadora | BR-BrBNA |
| Idioma da catalogação | eng |
| 072 ## - CATEGORIA AGRIS | |
| Código AGRIS | F30 |
| Código do objeto | 1410 |
| 100 ## - ENTRADA PRINCIPAL - NOME PESSOAL | |
| Nome pessoal | Sant’Anna, Camila QSS de |
| 100 ## - ENTRADA PRINCIPAL - NOME PESSOAL | |
| Nome pessoal | Oliveira, Tâmara Rebecca A de Oliveira |
| 100 ## - ENTRADA PRINCIPAL - NOME PESSOAL | |
| Nome pessoal | Gravina, Geraldo de A |
| 100 ## - ENTRADA PRINCIPAL - NOME PESSOAL | |
| Nome pessoal | Cruz, Derivaldo P da |
| 100 ## - ENTRADA PRINCIPAL - NOME PESSOAL | |
| Nome pessoal | Gomes, Andrea BS |
| 100 ## - ENTRADA PRINCIPAL - NOME PESSOAL | |
| Nome pessoal | Daher, Rogério F |
| 100 ## - ENTRADA PRINCIPAL - NOME PESSOAL | |
| Nome pessoal | Vivas, Marcelo |
| 100 ## - ENTRADA PRINCIPAL - NOME PESSOAL | |
| Nome pessoal | Oliveira, Gustavo Hugo F de |
| 100 ## - ENTRADA PRINCIPAL - NOME PESSOAL | |
| Nome pessoal | Entringer, Geovana C |
| 100 ## - ENTRADA PRINCIPAL - NOME PESSOAL | |
| Nome pessoal | Coelho, Fábio C |
| 245 ## - TÍTULO PRINCIPAL | |
| Título principal | Distinctness, uniformity and stability and GT biplot tests for the selection of snap bean lines |
| 500 ## - NOTA GERAL | |
| Nota geral | <br/><br/>Publicação online; 24 ref.; 3 illus.; 3 tables; Summaries (En, Pt) |
| 942 ## - ADDED ENTRY ELEMENTS (KOHA) | |
| Koha item type | Analítica |
| 520 ## - NOTA DE RESUMO | |
| Nota de conteúdo | <br/><br/><br/>ABSTRACT: The lack of records about snap bean cultivars is one of the obstacles that has led to a yield gap and low prominence of the crop. This work aimed at indicating snap bean lines obtained by the Breeding Program of the Universidade Estadual do Norte Fluminense (UENF) to assess their performance and to apply for a certificate of plant variety protection. The study was managed using a randomized block design with three replicates in a greenhouse at the Research Support Unit of the UENF. Nine candidate lines were compared to the commercial cultivar “Topseed Blue Line” in accordance with 56 descriptors set by the National Plant Variety Rights. All lines presented themselves as homogeneous. The L31 line provided a total of 30 different descriptors of the commercial cultivar. For the quantitative data added to the Distinctness, Uniformity and Stability, (DUS) tests, the analysis of variance was performed and the GT biplot generated by the R software. Variability was noticed among the genotypes for all assessed traits, excepting days until germination and seed thickness. The lines that showed the best mean performance were L6, L7, L10, L11, and L13. Among those, the L6 and L11 lines provided higher stability. <br/><br/><br/>Keywords: Phaseolus vulgaris, multicategorical descriptors, multivariate analysis, new technological products |
| 520 ## - NOTA DE RESUMO | |
| Nota de conteúdo | <br/><br/><br/>RESUMO: A falta de registros sobre as cultivares de feijão-vagem é um dos obstáculos que levaram à lacuna na produtividade e baixo destaque da cultura. Este trabalho teve como objetivo indicar as linhagens de feijão-vagem obtidas pelo Programa de Melhoramento da Universidade Estadual do Norte Fluminense (UENF) para avaliar seu desempenho quanto ao certificado de proteção de cultivares. O estudo foi conduzido usando delineamento em blocos casualizados com três repetições em casa de vegetação da Unidade de Apoio à Pesquisa da UENF. Nove linhas candidatas foram comparadas com a cultivar comercial “Topseed Blue Line”, de acordo com 56 descritores estabelecidos pelos National Plant Variety Rights. Todas as linhas se apresentaram homogêneas. A linha L31 forneceu um total de 30 descritores diferentes da cultivar comercial. Para os dados quantitativos adicionados aos testes Distinguibilidade, Homogeneidade e Estabilidade (DHE), foi realizada a análise de variância e o biplot GT gerado pelo software R. Foi observada variabilidade entre os genótipos para todas as características avaliadas, exceto dias até germinação e espessura das sementes. As linhagens que apresentaram melhor desempenho médio foram L6,<br/>L7, L10, L11 e L13. Entre essas, as linhas L6 e L11 proporcionaram maior estabilidade.<br/><br/><br/><br/>Palavras-chave: Phaseolus vulgaris, descritores multicategóricos, análises multivariadas, novos produtos tecnológicos |
| 650 ## - ASSUNTO - THESAGRO | |
| Cabeçalho tópico ou nome geográfico | FEIJÃO TREPADOR |
| 650 ## - ASSUNTO - THESAGRO | |
| Cabeçalho tópico ou nome geográfico | SELEÇÃO |
| 650 ## - ASSUNTO - THESAGRO | |
| Cabeçalho tópico ou nome geográfico | VARIEDADE RESISTENTE |
| 650 ## - ASSUNTO - THESAGRO | |
| Cabeçalho tópico ou nome geográfico | MELHORAMENTO VEGETAL |
| 773 0# - ENTRADA ANALÍTICA | |
| Host Biblionumber | 1047 |
| Registro do item | 357567 |
| Imprenta | Brasília-DF Sociedade de Olericultura do Brasil 1983 |
| Outro identificador | 2025-5532 |
| Título | Horticultura Brasileira (Brazil) |
| ISSN | 0102-0536 |
| Colação | v. 38(4) p. 370-377; (2020) |
| Número de controle de registro | BR2025002842 |
| 856 ## - ACESSO E ENDEREÇO ELETRÔNICO | |
| Identificador uniforme de recurso - URI | https://www.scielo.br/j/hb/a/gNSHNcZSYxwrdvjbxWW9KSr/?format=pdf&lang=en |
Nenhum exemplar disponível.

BINAGRI